000
00272nam a2200109Ia 4500
001
1276067
005
20260417160440.0
008
260417s9999 xx 000 0 und d
020
_a
9786256309944
245
0
_a
Okyanusun Ötesinde
_c
Jeanne Willis
260
_b
Ketebe Çocuk
999
_c
1276067
_d
1276067